[Event "Tata Steel India Blitz"]
[Site "Kolkata IND"]
[Date "2023.09.09"]
[Round "11"]
[White "Arjun Erigaisi"]
[Black "Nodirbek Abdusattorov"]
[Result "1/2-1/2"]
[EventDate "2023.09.05"]
[WhiteElo "2712"]
[BlackElo "2716"]
[PlyCount "96"]

1. d4 d5 2. Nf3 Nf6 3. Bf4 c5 4. e3 e6 5. Nbd2 Qb6 6. c4 Nc6 7. cxd5 Nxd5 8. Nc4 Qd8 9. Bg5 Be7 10. Bxe7 Qxe7 11. a3 O-O 12. dxc5 Qxc5 13. Bd3 Rd8 14. Rc1 Qe7 15. O-O e5 16. Qc2 g6 17. Rfd1 Nf6 18. Ng5 Bg4 19. f3 Be6 20. b4 Rac8 21. Qb2 e4 22. fxe4 Ng4 23. Nxe6 Qxe6 24. b5 Nce5 25. Nxe5 Nxe5 26. Be2 Rxc1 27. Qxc1 Rc8 28. Qb2 Qe7 29. h3 Qg5 30. Qb3 b6 31. a4 Kg7 32. Rf1 Qe7 33. Qb2 Rd8 34. Rd1 Rxd1+ 35. Bxd1 f6 36. Qd4 Qa3 37. Kh2 h5 38. Be2 h4 39. Bd1 Qc1 40. Kg1 Kh6 41. Kf2 Kg5 42. Be2 Qc2 43. Qd1 Qxe4 44. Qd4 Qf5+ 45. Kg1 Qb1+ 46. Kf2 Qf5+ 47. Kg1 Qb1+ 48. Kf2 1/2-1/2

[Event "Tata Steel India Blitz"]
[Site "Kolkata IND"]
[Date "2023.09.09"]
[Round "12"]
[White "Pentala Harikrishna"]
[Black "Arjun Erigaisi"]
[Result "0-1"]
[EventDate "2023.09.05"]
[WhiteElo "2711"]
[BlackElo "2712"]
[PlyCount "82"]

1. d4 Nf6 2. Nf3 d5 3. e3 Bf5 4. c4 c6 5. cxd5 cxd5 6. Qb3 Qc7 7. Bd2 e6 8. Bb5+ Nc6 9. O-O Bd6 10. Bb4 O-O 11. Bxd6 Qxd6 12. Rc1 Rfc8 13. Bxc6 Rxc6 14. Rxc6 Qxc6 15. Nc3 Ne4 16. Rc1 f6 17. Ne2 Qd7 18. Ng3 Rc8 19. Qd1 Bg4 20. Rxc8+ Qxc8 21. h3 Bxf3 22. gxf3 Nxg3 23. fxg3 Qc4 24. a3 b5 25. Qd2 Kf7 26. h4 e5 27. Kf2 Ke6 28. g4 e4 29. Qa5 Qc2+ 30. Kg3 Qe2 31. Qa6+ Kf7 32. Qb7+ Kg6 33. Qxd5 Qxf3+ 34. Kh2 Qf2+ 35. Kh1 Qxh4+ 36. Kg2 Qxg4+ 37. Kh2 Qe2+ 38. Kh1 Qxe3 39. Qd7 Qf3+ 40. Kh2 e3 41. Qe8+ Kh6 0-1

[Event "Tata Steel India Blitz"]
[Site "Kolkata IND"]
[Date "2023.09.09"]
[Round "13"]
[White "Arjun Erigaisi"]
[Black "Alexander Grischuk"]
[Result "1-0"]
[EventDate "2023.09.05"]
[WhiteElo "2712"]
[BlackElo "2732"]
[PlyCount "110"]

1. d4 Nf6 2. Bf4 g6 3. Nc3 d5 4. e3 Bg7 5. h4 h5 6. Nf3 O-O 7. Ne5 c5 8. Qd2 cxd4 9. exd4 Bf5 10. f3 Nc6 11. Bb5 Nxe5 12. dxe5 Nd7 13. Qxd5 Nb6 14. Qxd8 Rfxd8 15. Rc1 Rac8 16. O-O Nc4 17. Bxc4 Rxc4 18. g3 a6 19. Rfd1 Rxd1+ 20. Rxd1 b5 21. Rd2 f6 22. Nd5 fxe5 23. Nxe7+ Kf7 24. Nxf5 gxf5 25. Bg5 Ke6 26. Kf2 e4 27. c3 a5 28. Bf4 Be5 29. Bxe5 Kxe5 30. Ke3 b4 31. Rd4 Rc7 32. cxb4 exf3 33. bxa5 Rc2 34. Rd2 Rc5 35. Kxf3 Rxa5 36. Re2+ Kf6 37. a3 Ra4 38. Re3 Rg4 39. b4 f4 40. gxf4 Rxh4 41. b5 Rh1 42. Re5 Rh3+ 43. Kg2 Rxa3 44. Rxh5 Rb3 45. Kf2 Kg6 46. Re5 Kf6 47. Ke2 Kg6 48. Rc5 Kf6 49. Rd5 Ke6 50. Re5+ Kd6 51. Kf2 Ra3 52. Re3 Ra4 53. Kf3 Rb4 54. Re5 Rb1 55. Kg4 1-0

[Event "Tata Steel India Blitz"]
[Site "Kolkata IND"]
[Date "2023.09.09"]
[Round "14"]
[White "Santosh Gujrathi Vidit"]
[Black "Arjun Erigaisi"]
[Result "1/2-1/2"]
[EventDate "2023.09.05"]
[WhiteElo "2716"]
[BlackElo "2712"]
[PlyCount "120"]

1. d4 d5 2. c4 e6 3. Nf3 Nf6 4. Nc3 Nbd7 5. cxd5 exd5 6. Bg5 Bb4 7. e3 c5 8. Bd3 Qa5 9. Qc2 c4 10. Bf5 O-O 11. O-O Re8 12. Nd2 h6 13. Bh4 Qa6 14. Rfb1 Qc6 15. a4 b6 16. b3 cxb3 17. Rxb3 a5 18. Rc1 Ba6 19. Qd1 Qb7 20. Na2 Bxd2 21. Qxd2 Bc4 22. Rb2 Ne4 23. Qd1 Nd6 24. Bb1 Ne4 25. Nc3 Nxc3 26. Rxc3 Rac8 27. h3 Rc6 28. Bf5 Nf8 29. Qc2 Ne6 30. Qb1 Rec8 31. Rbc2 g6 32. Bxe6 Rxe6 33. Bg3 Qd7 34. Qa1 Rec6 35. Rc1 Bb3 36. Rxc6 Rxc6 37. Rxc6 Qxc6 38. Qa3 Bxa4 39. Qe7 Qd7 40. Qf6 Qe6 41. Qd8+ Be8 42. Bc7 a4 43. Bxb6 Qd7 44. Qa8 Qc6 45. Qa7 a3 46. Bc5 Qa4 47. Qxa4 Bxa4 48. Bxa3 h5 49. Kh2 Bb5 50. Kg3 Bf1 51. f3 f5 52. Kf2 Bc4 53. Bd6 Kf7 54. Be5 Bb5 55. h4 Bc4 56. Bf4 Bb5 57. Bg5 Bc4 58. Kg3 Bf1 59. Kf2 Bc4 60. Kg3 1/2-1/2

[Event "Tata Steel India Blitz"]
[Site "Kolkata IND"]
[Date "2023.09.09"]
[Round "16"]
[White "Vachier-Lagrave, Maxime"]
[Black "Arjun Erigaisi"]
[Result "1/2-1/2"]
[EventDate "2023.09.05"]
[WhiteElo "2727"]
[BlackElo "2712"]
[PlyCount "118"]

1. e4 c5 2. Nf3 e6 3. b3 a6 4. Bb2 d5 5. exd5 exd5 6. d4 Nf6 7. Bd3 Be7 8. O-O O-O 9. Nbd2 Nc6 10. h3 Nb4 11. dxc5 Bxc5 12. Ne5 Be6 13. Qf3 Rc8 14. Rfe1 Ba7 15. c3 Nxd3 16. Nxd3 Bb8 17. Rad1 Qc7 18. Nf1 Rfe8 19. c4 dxc4 20. Bxf6 cxd3 21. Be5 Qa5 22. Bxb8 Rxb8 23. Rd2 Red8 24. Qg3 Rbc8 25. Re3 Bf5 26. Re5 Rc5 27. Re7 Rc1 28. Qf4 Qc5 29. Re5 Qc7 30. Rxf5 Rxf1+ 31. Kh2 Qe7 32. Re5 Qf6 33. Qxf6 gxf6 34. Re3 Rxf2 35. Rxf2 d2 36. Rf1 d1=Q 37. Rxd1 Rxd1 38. Re7 b5 39. Ra7 Rd6 40. a4 bxa4 41. bxa4 Kg7 42. g4 Kg6 43. Kg3 Rd3+ 44. Kg2 Rd6 45. Kg3 h6 46. a5 Rc6 47. Kf3 Rc3+ 48. Kg2 Rc6 49. Kg3 Re6 50. Kf3 Rd6 51. Kg3 Rc6 52. Kf3 Kg5 53. Rxf7 Rc3+ 54. Kg2 Ra3 55. Rg7+ Kf4 56. Rg6 Ra2+ 57. Kf1 Rxa5 58. Rxh6 f5 59. gxf5 1/2-1/2

[Event "Tata Steel India Blitz"]
[Site "Kolkata IND"]
[Date "2023.09.09"]
[Round "17"]
[White "Teimour Radjabov"]
[Black "Arjun Erigaisi"]
[Result "0-1"]
[EventDate "2023.09.05"]
[WhiteElo "2745"]
[BlackElo "2712"]
[PlyCount "76"]

1. e4 c5 2. Nf3 e6 3. b3 a6 4. Bb2 d5 5. exd5 exd5 6. d4 Nf6 7. Be2 Nc6 8. O-O Bd6 9. Nbd2 O-O 10. c4 Re8 11. Re1 Bf5 12. cxd5 Nxd5 13. Nc4 Bf8 14. Bf1 Rxe1 15. Qxe1 Ndb4 16. Ne3 Be4 17. a3 Bxf3 18. axb4 cxd4 19. Nf5 Bxb4 20. Qc1 Qf6 21. Bd3 Ne5 22. Bxd4 Nxd3 23. Bxf6 Nxc1 24. Rxc1 Bg4 25. Nxg7 Bd2 26. Rc4 Rc8 27. Rxc8+ Bxc8 28. Ne8 Be6 29. Nd6 b5 30. Ne4 Bb4 31. Bd4 Bxb3 32. Nf6+ Kf8 33. Bc5+ Bxc5 34. Nd7+ Ke7 35. Nxc5 Bd5 36. Nxa6 Kd6 37. g4 Bb7 38. Nb4 Ke5 0-1

[Event "Tata Steel India Blitz"]
[Site "Kolkata IND"]
[Date "2023.09.08"]
[Round "9"]
[White "Rameshbabu Praggnanandhaa"]
[Black "Arjun Erigaisi"]
[Result "1-0"]
[EventDate "2023.09.05"]
[WhiteElo "2727"]
[BlackElo "2712"]
[PlyCount "90"]

1. Nf3 c5 2. e4 e6 3. Be2 Nc6 4. O-O Nf6 5. Nc3 d5 6. exd5 exd5 7. d4 a6 8. Re1 Be6 9. Bg5 Be7 10. dxc5 Qa5 11. Nd4 Qxc5 12. Nxe6 fxe6 13. Bxf6 Bxf6 14. Bh5+ Kd7 15. Bg4 Bxc3 16. Bxe6+ Kc7 17. bxc3 Rad8 18. Qd3 g6 19. Qg3+ Qd6 20. Bg4 Qxg3 21. hxg3 Rhe8 22. f4 Re4 23. Rxe4 dxe4 24. Re1 Rd2 25. Re2 e3 26. Rxe3 Rxc2 27. Be6 b5 28. g4 Kd6 29. Bg8 h5 30. f5 Ne5 31. Re1 hxg4 32. f6 g3 33. Rd1+ Kc7 34. f7 Rf2 35. Rf1 Rxf1+ 36. Kxf1 Nd7 37. Ke2 Kd6 38. Kf3 Ke7 39. Kxg3 Nb6 40. Kh4 Na4 41. Kg5 Nxc3 42. Kxg6 Kf8 43. g4 Nxa2 44. g5 Nc3 45. Kh6 1-0

[Event "Tata Steel India Blitz"]
[Site "Kolkata IND"]
[Date "2023.09.08"]
[Round "6"]
[White "Dommaraju Gukesh"]
[Black "Arjun Erigaisi"]
[Result "0-1"]
[EventDate "2023.09.05"]
[WhiteElo "2758"]
[BlackElo "2712"]
[PlyCount "114"]

1. d4 d5 2. c4 e6 3. Nf3 Nf6 4. Nc3 Nbd7 5. cxd5 exd5 6. Bg5 Bb4 7. e3 c5 8. Bd3 Qa5 9. O-O c4 10. Bf5 O-O 11. Qc2 Re8 12. Nd2 h6 13. Bh4 Qa6 14. Rfe1 Qc6 15. e4 dxe4 16. Ndxe4 g5 17. Bg3 Kg7 18. Nxf6 Nxf6 19. Be5 Bxc3 20. bxc3 Kf8 21. Re3 Nd5 22. Rf3 Be6 23. Be4 Ke7 24. Rf6 Rh8 25. Rb1 Kd7 26. Rxe6 fxe6 27. Bxh8 Rxh8 28. Bxd5 exd5 29. Qf5+ Kd8 30. Qe5 Re8 31. Qb8+ Ke7 32. Qxb7+ Qxb7 33. Rxb7+ Kf6 34. Kf1 Re6 35. Rxa7 Rb6 36. Ke2 Rb2+ 37. Ke3 Rc2 38. Ra3 Kf5 39. h3 h5 40. Kf3 h4 41. Ke3 g4 42. hxg4+ Kxg4 43. Ra5 Rxc3+ 44. Ke2 Rc2+ 45. Ke3 Rc3+ 46. Ke2 Rc2+ 47. Ke1 Kf4 48. Rxd5 Ke4 49. Rh5 Kd3 50. f3 c3 51. Rxh4 Rxg2 52. Rh8 c2 53. Rc8 Rg1+ 54. Kf2 c1=Q 55. Rxc1 Rxc1 56. d5 Kd4 57. d6 Ke5 0-1

[Event "Tata Steel India Blitz"]
[Site "Kolkata IND"]
[Date "2023.09.08"]
[Round "1"]
[White "Arjun Erigaisi"]
[Black "Vincent Keymer"]
[Result "1/2-1/2"]
[EventDate "2023.09.05"]
[WhiteElo "2712"]
[BlackElo "2717"]
[PlyCount "80"]

1. c4 Nf6 2. Nc3 e5 3. a3 d5 4. cxd5 Nxd5 5. Nf3 Nc6 6. e4 Nf4 7. d4 exd4 8. Bxf4 dxc3 9. Qxd8+ Nxd8 10. bxc3 Ne6 11. Bg3 Bd7 12. Bc4 Bd6 13. Bxe6 Bxe6 14. Bxd6 cxd6 15. Nd4 Ke7 16. Kd2 Rhc8 17. Rhb1 Rc7 18. a4 Bd7 19. a5 Rac8 20. Ra3 h6 21. Rb4 g6 22. Rab3 Bc6 23. f3 Kf6 24. Ke3 Re8 25. c4 Re5 26. Nxc6 bxc6 27. a6 Ree7 28. Rb7 Ke6 29. Kd4 c5+ 30. Kd3 g5 31. g3 Red7 32. f4 f6 33. Ke3 Rc6 34. f5+ Ke7 35. Rxd7+ Kxd7 36. Rb7+ Rc7 37. Rb8 Rc8 38. Rb7+ Rc7 39. Rb8 Rc8 40. Rb7+ 1/2-1/2

[Event "Tata Steel India Blitz"]
[Site "Kolkata IND"]
[Date "2023.09.08"]
[Round "2"]
[White "Nodirbek Abdusattorov"]
[Black "Arjun Erigaisi"]
[Result "1/2-1/2"]
[EventDate "2023.09.05"]
[WhiteElo "2716"]
[BlackElo "2712"]
[PlyCount "110"]

1. c4 e6 2. g3 d5 3. Bg2 Nf6 4. Nf3 d4 5. d3 Bb4+ 6. Nbd2 a5 7. O-O Nc6 8. Ne1 O-O 9. Nc2 Be7 10. b3 e5 11. a3 Bf5 12. Rb1 Qd7 13. b4 axb4 14. axb4 Bh3 15. b5 Bxg2 16. Kxg2 Nd8 17. Nf3 Bd6 18. Bg5 Ne8 19. Bxd8 Qxd8 20. e3 dxe3 21. Nxe3 Nf6 22. Nf5 Re8 23. Re1 Ra2 24. Ra1 Rxa1 25. Qxa1 Nd7 26. d4 e4 27. Nd2 Bb4 28. Qb2 Bxd2 29. Qxd2 g6 30. Ne3 f5 31. Rd1 Nf6 32. d5 b6 33. d6 Kf7 34. Qb4 Re6 35. dxc7 Qxc7 36. Nd5 Nxd5 37. Rxd5 e3 38. fxe3 Rxe3 39. Qd2 Qxc4 40. Rd7+ Re7 41. Rxe7+ Kxe7 42. Qb2 Kf7 43. h4 Qd5+ 44. Kh2 Kg8 45. Qe2 Qd7 46. Qe5 Kf7 47. h5 Qe6 48. Qc7+ Kg8 49. h6 Qe2+ 50. Kg1 Qe3+ 51. Kg2 Qe2+ 52. Kg1 Qe1+ 53. Kg2 Qe2+ 54. Kg1 Qe1+ 55. Kg2 1/2-1/2

[Event "Tata Steel India Blitz"]
[Site "Kolkata IND"]
[Date "2023.09.08"]
[Round "3"]
[White "Arjun Erigaisi"]
[Black "Pentala Harikrishna"]
[Result "1/2-1/2"]
[EventDate "2023.09.05"]
[WhiteElo "2712"]
[BlackElo "2711"]
[PlyCount "104"]

1. e4 e5 2. Nf3 Nc6 3. Bc4 Bc5 4. c3 Nf6 5. d3 d6 6. Bg5 a5 7. O-O h6 8. Bh4 Ba7 9. Re1 O-O 10. Nbd2 Be6 11. a3 Qe7 12. b4 Bxc4 13. Nxc4 Qe6 14. bxa5 Bc5 15. Qb1 Nxa5 16. Nxa5 Rxa5 17. d4 Bb6 18. d5 Qg4 19. Bxf6 gxf6 20. Nd2 Ra4 21. Nf1 f5 22. exf5 Rf4 23. Ne3 Bxe3 24. fxe3 Rxf5 25. Qxb7 Rg5 26. Ra2 Qc4 27. Rc2 f5 28. Qc6 Qxc6 29. dxc6 Ra8 30. Rb1 Ra6 31. a4 Rg4 32. c4 Rxc6 33. a5 Rgxc4 34. Rxc4 Rxc4 35. Ra1 Rb4 36. a6 Rb8 37. Kf2 Kf7 38. Kf3 Ke6 39. g4 fxg4+ 40. Kxg4 c5 41. e4 Ra8 42. Kh5 c4 43. Kxh6 c3 44. h4 c2 45. Rc1 Rxa6 46. Rxc2 d5 47. exd5+ Kxd5+ 48. Kg7 e4 49. h5 e3 50. h6 Ra7+ 51. Kg6 Ra6+ 52. Kg7 Ra7+ 1/2-1/2

[Event "Tata Steel India Blitz"]
[Site "Kolkata IND"]
[Date "2023.09.08"]
[Round "4"]
[White "Alexander Grischuk"]
[Black "Arjun Erigaisi"]
[Result "1/2-1/2"]
[EventDate "2023.09.05"]
[WhiteElo "2732"]
[BlackElo "2712"]
[PlyCount "62"]

1. d4 Nf6 2. c4 e6 3. Bg5 d5 4. e3 h6 5. Bh4 Be7 6. Nc3 O-O 7. Qc2 b6 8. Nf3 Bb7 9. Bxf6 Bxf6 10. cxd5 exd5 11. Rd1 Nd7 12. g3 Re8 13. Bg2 a6 14. O-O Be7 15. Ne5 Nf6 16. Qb3 Qd6 17. e4 Rad8 18. a3 c5 19. Nxd5 Nxd5 20. Nc4 Qe6 21. exd5 Bxd5 22. Bxd5 Qxd5 23. dxc5 Qxc5 24. Ne3 Bf6 25. Rc1 Qb5 26. Qxb5 axb5 27. Rc6 Bxb2 28. Rxb6 Bd4 29. Rxb5 Bxe3 30. fxe3 Rxe3 31. Rbf5 Rxa3 1/2-1/2

[Event "Tata Steel India Blitz"]
[Site "Kolkata IND"]
[Date "2023.09.08"]
[Round "5"]
[White "Arjun Erigaisi"]
[Black "Santosh Gujrathi Vidit"]
[Result "1/2-1/2"]
[EventDate "2023.09.05"]
[WhiteElo "2712"]
[BlackElo "2716"]
[PlyCount "94"]

1. d4 d5 2. c4 c6 3. Nf3 Nf6 4. cxd5 cxd5 5. Nc3 Nc6 6. Bf4 Bf5 7. Qb3 Na5 8. Qa4+ Bd7 9. Qc2 e6 10. e3 Rc8 11. Bd3 Be7 12. h3 O-O 13. O-O b5 14. a3 Nc4 15. Ne5 Be8 16. Rfc1 a6 17. Qe2 Nd7 18. Nf3 Ndb6 19. e4 dxe4 20. Nxe4 h6 21. b3 Nxa3 22. Nc5 Nd5 23. Bd2 b4 24. Bxa6 Rb8 25. Ne5 Nb5 26. Bxb5 Bxb5 27. Qf3 Ra8 28. Rxa8 Qxa8 29. Qg3 Kh7 30. Nxe6 fxe6 31. Qg6+ Kh8 32. Qxe6 Be8 33. Bxh6 Rf6 34. Qc8 Qxc8 35. Rxc8 Rf8 36. Bd2 Kg8 37. Rc1 Bb5 38. Ng6 Rd8 39. Nxe7+ Nxe7 40. Bxb4 Nc6 41. Bc5 Nxd4 42. Bxd4 Rxd4 43. Rc8+ Kh7 44. Rc5 Rb4 45. f3 Rxb3 46. Kh2 Rb2 47. Kg1 1/2-1/2

[Event "Tata Steel India Blitz"]
[Site "Kolkata IND"]
[Date "2023.09.08"]
[Round "7"]
[White "Arjun Erigaisi"]
[Black "Vachier-Lagrave, Maxime"]
[Result "1-0"]
[EventDate "2023.09.05"]
[WhiteElo "2712"]
[BlackElo "2727"]
[PlyCount "82"]

1. e4 c5 2. Nf3 Nc6 3. d4 cxd4 4. Nxd4 Nf6 5. Nc3 e5 6. Ndb5 d6 7. Nd5 Nxd5 8. exd5 Nb8 9. Qf3 a6 10. Qa3 Be7 11. Bg5 f6 12. Bd2 O-O 13. Bb4 axb5 14. Qxa8 Na6 15. Bd2 Qc7 16. c3 Be6 17. Qa7 Bxd5 18. Bxb5 Nc5 19. O-O f5 20. Be3 Nd7 21. Rfd1 Be6 22. f4 g5 23. fxe5 Nxe5 24. Qb6 Qxb6 25. Bxb6 f4 26. Bc7 Nf7 27. Re1 Ne5 28. Rad1 f3 29. Rf1 Bxa2 30. Bxd6 Bxd6 31. Rxd6 g4 32. Rd4 Rf5 33. Bd7 Rg5 34. Ra1 Bf7 35. Kf2 fxg2 36. Kxg2 h5 37. Bc8 Nc6 38. Rd7 Be6 39. Rxb7 Bd5+ 40. Kg3 Ne5 41. Be6+ 1-0

[Event "Tata Steel India Blitz"]
[Site "Kolkata IND"]
[Date "2023.09.08"]
[Round "8"]
[White "Arjun Erigaisi"]
[Black "Teimour Radjabov"]
[Result "0-1"]
[EventDate "2023.09.05"]
[WhiteElo "2712"]
[BlackElo "2745"]
[PlyCount "108"]

1. e4 e5 2. Nf3 Nc6 3. Bc4 Bc5 4. c3 Nf6 5. d3 a6 6. O-O Ba7 7. Bg5 d6 8. Nbd2 Ne7 9. d4 Ng6 10. h3 h6 11. Be3 O-O 12. Re1 c6 13. Bd3 Re8 14. Qc2 Be6 15. c4 exd4 16. Nxd4 Bd7 17. Rad1 Qc7 18. Bf1 Re5 19. g3 Rae8 20. Bg2 Qb8 21. f4 Rh5 22. f5 Ne5 23. Nf1 b5 24. cxb5 axb5 25. b3 c5 26. Ne2 c4 27. Nf4 Rg5 28. Bxa7 Qxa7+ 29. Qf2 Qb8 30. Qd4 Bc6 31. Qxd6 Qa7+ 32. Qd4 Qxa2 33. Ra1 Qxb3 34. Reb1 Nf3+ 35. Bxf3 Qxf3 36. Ng2 Bxe4 37. Rb2 Qxf5 38. g4 Qc5 39. Qxc5 Rxc5 40. Nge3 c3 41. Rb4 Bd3 42. Rc1 Rd8 43. Rb3 Ne4 44. Rb4 g6 45. Nh2 Nd2 46. Kf2 Kg7 47. h4 c2 48. h5 Re5 49. Nf3 Nxf3 50. Kxf3 Rd6 51. Nxc2 Rc5 52. Rb2 Rdc6 53. hxg6 Bxg6 54. Rcb1 Bxc2 0-1

[Event "The World Rapid Team Championship"]
[Site "Duesseldorf GER"]
[Date "2023.08.28"]
[Round "10.2"]
[White "Arjun Erigaisi"]
[Black "Rasmus Svane"]
[Result "1/2-1/2"]
[EventDate "2023.08.26"]
[WhiteElo "2704"]
[BlackElo "2631"]
[PlyCount "44"]

1. e4 e5 2. d4 exd4 3. Qxd4 Nc6 4. Qe3 Nf6 5. Bd2 Bb4 6. c3 Ba5 7. Qg3 Qe7 8. Be2 Rg8 9. Bg5 Nxe4 10. Bxe7 Nxg3 11. hxg3 Kxe7 12. Rxh7 d5 13. Nd2 Bf5 14. Rh4 d4 15. Rc1 dxc3 16. bxc3 Ne5 17. Ngf3 Nd3+ 18. Bxd3 Bxd3 19. Ne5 Bf5 20. Nb3 Bb6 21. Nd4 Be6 22. Nxe6 Kxe6 1/2-1/2

[Event "The World Rapid Team Championship"]
[Site "Duesseldorf GER"]
[Date "2023.08.28"]
[Round "11.2"]
[White "Szymon Gumularz"]
[Black "Arjun Erigaisi"]
[Result "0-1"]
[EventDate "2023.08.26"]
[WhiteElo "2588"]
[BlackElo "2704"]
[PlyCount "84"]

1. c4 e6 2. g3 d5 3. Bg2 Nf6 4. Nf3 dxc4 5. Qa4+ Nbd7 6. Qxc4 c5 7. d3 a6 8. Qb3 Bd6 9. a4 O-O 10. a5 Nd5 11. Nbd2 Rb8 12. O-O b5 13. axb6 N7xb6 14. Qd1 Qc7 15. Ne4 Be7 16. Bd2 Nd7 17. Qc2 Qb6 18. Bc3 Bb7 19. Ned2 Nb4 20. Qb1 Bd5 21. Rc1 Rfc8 22. Ne5 Nxe5 23. Bxe5 Bd6 24. Bc3 Qb7 25. Bh3 Be7 26. b3 Nc6 27. e3 Nb4 28. Nc4 Rd8 29. Bf1 Bf8 30. Ra3 Qd7 31. Bxb4 Rxb4 32. Rxa6 Rdb8 33. Ra3 h5 34. h4 Qb7 35. Qc2 g6 36. Rca1 Rxb3 37. Ra7 Qb4 38. Qe2 Qc3 39. Rd1 Rb1 40. Ra3 Qf6 41. Bg2 Bxc4 42. dxc4 R8b2 0-1

[Event "The World Rapid Team Championship"]
[Site "Duesseldorf GER"]
[Date "2023.08.28"]
[Round "12.2"]
[White "Vladimir Kramnik"]
[Black "Arjun Erigaisi"]
[Result "1/2-1/2"]
[EventDate "2023.08.26"]
[WhiteElo "2753"]
[BlackElo "2704"]
[PlyCount "144"]

1. d4 d5 2. c4 e6 3. Nf3 Nf6 4. cxd5 exd5 5. Qc2 c6 6. Nc3 g6 7. h3 Bf5 8. Qb3 Qb6 9. g4 Qxb3 10. axb3 Bc2 11. Bf4 h5 12. Rg1 hxg4 13. hxg4 Bxb3 14. Nd2 Bc4 15. Nxc4 dxc4 16. e3 Bb4 17. Bxc4 b5 18. Bb3 a5 19. Ke2 Nbd7 20. Na2 Be7 21. Nc1 Ne4 22. Bc2 Ng5 23. Bxg5 Bxg5 24. Be4 Ke7 25. Bxc6 Rac8 26. Bxd7 Kxd7 27. Nd3 a4 28. Nc5+ Ke8 29. b3 axb3 30. Rh1 Rxh1 31. Rxh1 b2 32. Kd2 f5 33. gxf5 gxf5 34. Kc2 Kf7 35. Kxb2 f4 36. Ne4 Be7 37. Rh7+ Ke8 38. Rh8+ Kd7 39. Rxc8 Kxc8 40. Kc3 fxe3 41. fxe3 Kc7 42. Nf2 Kd6 43. e4 Bf6 44. Nd3 Bd8 45. Nb4 Ba5 46. Kb3 Kd7 47. Nc2 Bd2 48. d5 Kd6 49. Nd4 Ke5 50. Nxb5 Kxe4 51. Kc4 Be3 52. Nd6+ Ke5 53. Nb7 Bb6 54. Nc5 Kd6 55. Ne4+ Kd7 56. Nc3 Kd6 57. Nb5+ Kd7 58. Kd3 Bc5 59. Ke4 Bb6 60. Na3 Bc5 61. Nc4 Bf8 62. Ne5+ Kd6 63. Ng6 Bg7 64. Nh4 Bf6 65. Nf5+ Kd7 66. Kd3 Be5 67. Kc4 Bb8 68. Nd4 Be5 69. Ne6 Bd6 70. Kb5 Be7 71. Nd4 Kd6 72. Kc4 Ke5 1/2-1/2

[Event "The World Rapid Team Championship"]
[Site "Duesseldorf GER"]
[Date "2023.08.28"]
[Round "9.2"]
[White "Arjun Erigaisi"]
[Black "Venkataraman Karthik"]
[Result "1-0"]
[EventDate "2023.08.26"]
[WhiteElo "2704"]
[BlackElo "2562"]
[PlyCount "78"]

1. d4 d5 2. c4 e6 3. Nc3 Nf6 4. cxd5 exd5 5. Bg5 Bb4 6. e3 h6 7. Bh4 Bf5 8. Ne2 Nbd7 9. a3 Be7 10. h3 c6 11. g4 Bh7 12. f3 Nb6 13. Bf2 Nc4 14. Ra2 Bd6 15. Nc1 b5 16. Bd3 Qe7 17. Bxh7 Nxh7 18. Qe2 O-O 19. a4 b4 20. Nd1 f5 21. b3 Na3 22. gxf5 Rxf5 23. e4 dxe4 24. fxe4 Rf7 25. e5 Bc7 26. h4 Qe6 27. Rg1 Raf8 28. Qg4 Qe7 29. Nd3 Bb6 30. Be3 Bd8 31. Rh2 Bb6 32. Rhg2 Bd8 33. Bxh6 Qxh4+ 34. Qxh4 Bxh4+ 35. Ke2 Nc2 36. Rxg7+ Kh8 37. R7g4 Rd8 38. e6 Re7 39. Ne5 1-0

[Event "The World Rapid Team Championship"]
[Site "Duesseldorf GER"]
[Date "2023.08.27"]
[Round "5.1"]
[White "Arjun Erigaisi"]
[Black "Parham Maghsoodloo"]
[Result "1-0"]
[EventDate "2023.08.26"]
[WhiteElo "2704"]
[BlackElo "2702"]
[PlyCount "88"]

1. d4 Nf6 2. Bf4 d5 3. e3 e6 4. Nf3 c5 5. c3 Qb6 6. Qb3 c4 7. Qc2 Bd6 8. Nbd2 Bxf4 9. exf4 Qc7 10. g3 Nc6 11. h4 b5 12. Ne5 a5 13. a3 Bb7 14. h5 O-O 15. Be2 Ne7 16. Bf3 Nf5 17. O-O Nd6 18. Rfe1 Nfe4 19. Ng4 b4 20. h6 b3 21. Qd1 f6 22. hxg7 Qxg7 23. Bxe4 dxe4 24. Ne3 Bd5 25. Kg2 f5 26. Rh1 Rf6 27. Rh5 Rh6 28. Rxh6 Qxh6 29. Qe2 Rc8 30. Rh1 Qg6 31. Kf1 Kh8 32. Ke1 a4 33. Rh4 Qf7 34. Qf1 Qg6 35. Qh3 Kg7 36. g4 Bb7 37. g5 Nf7 38. Ndxc4 h6 39. Ne5 Nxe5 40. Rxh6 Rh8 41. Rxh8 Nd3+ 42. Kd2 Nxf4 43. Qh2 Ba6 44. Ra8 1-0

[Event "The World Rapid Team Championship"]
[Site "Duesseldorf GER"]
[Date "2023.08.27"]
[Round "6.9"]
[White "Arjun Erigaisi"]
[Black "Jan-Krzysztof Duda"]
[Result "0-1"]
[EventDate "2023.08.26"]
[WhiteElo "2704"]
[BlackElo "2732"]
[PlyCount "92"]

1. d4 Nf6 2. Bf4 d5 3. e3 c5 4. Nf3 Nc6 5. Nbd2 Qb6 6. dxc5 Qxb2 7. Rb1 Qc3 8. Bb5 g6 9. O-O Bg7 10. Nd4 Bd7 11. N2b3 Nxd4 12. Bxd7+ Nxd7 13. exd4 O-O 14. Re1 e6 15. Re3 Qc4 16. c3 b6 17. Bd6 Rfc8 18. cxb6 axb6 19. a3 Bf8 20. Bb4 Bxb4 21. axb4 Ra3 22. Rf3 Qa6 23. h4 h5 24. Qd2 Nf8 25. Qf4 Qa7 26. Qc1 Kg7 27. Nd2 Ra2 28. Nf1 Qe7 29. Qf4 Nh7 30. Ng3 Qc7 31. Qe3 Rc2 32. Rc1 Rxc1+ 33. Qxc1 Ra8 34. Kh2 Nf6 35. Kh3 Nh7 36. Ne2 Ra2 37. Qe3 Nf6 38. Nf4 Ne4 39. g3 Rc2 40. Ne2 Qc4 41. Qf4 f6 42. Qb8 Qxe2 43. Qc7+ Kh6 44. Qf4+ g5 45. Qb8 Qf1+ 46. Kh2 Rxf2+ 0-1

[Event "The World Rapid Team Championship"]
[Site "Duesseldorf GER"]
[Date "2023.08.27"]
[Round "7.2"]
[White "Shant Sargsyan"]
[Black "Arjun Erigaisi"]
[Result "1/2-1/2"]
[EventDate "2023.08.26"]
[WhiteElo "2639"]
[BlackElo "2704"]
[PlyCount "82"]

1. d4 Nf6 2. c4 e6 3. Nf3 d5 4. Nc3 Nbd7 5. cxd5 exd5 6. Bg5 Bb4 7. e3 c5 8. Bb5 Qa5 9. O-O Bxc3 10. Bxd7+ Bxd7 11. Bxf6 Bxb2 12. Bxg7 Rg8 13. Rb1 Bb5 14. Rxb2 Rxg7 15. dxc5 Bxf1 16. Qxf1 Qxc5 17. Rxb7 Rc8 18. g3 Qc1 19. Rxa7 Rg6 20. Nd4 Rb6 21. Qxc1 Rxc1+ 22. Kg2 Rb2 23. Nf5 Rc6 24. g4 Rg6 25. Kf3 h5 26. gxh5 Rf6 27. Re7+ Kf8 28. Re5 Rd2 29. h6 Kg8 30. a4 Kh7 31. h4 Re6 32. Rxe6 fxe6 33. Nd4 e5 34. Nc6 e4+ 35. Kg3 Kxh6 36. a5 Ra2 37. Kf4 Rxf2+ 38. Ke5 Re2 39. Nd4 Ra2 40. Kxd5 Rxa5+ 41. Kxe4 Kh5 1/2-1/2

[Event "The World Rapid Team Championship"]
[Site "Duesseldorf GER"]
[Date "2023.08.27"]
[Round "8.2"]
[White "Daniel Fridman"]
[Black "Arjun Erigaisi"]
[Result "1/2-1/2"]
[EventDate "2023.08.26"]
[WhiteElo "2586"]
[BlackElo "2704"]
[PlyCount "70"]

1. Nf3 d5 2. g3 Nf6 3. Bg2 c5 4. O-O g6 5. c3 Bg7 6. d4 cxd4 7. cxd4 O-O 8. Nc3 Ne4 9. Ne5 Nxc3 10. bxc3 Nc6 11. Nxc6 bxc6 12. Qa4 Qb6 13. Ba3 Qa6 14. Qxa6 Bxa6 15. Rfe1 Rfe8 16. e3 e6 17. Bf1 Bxf1 18. Kxf1 Bf8 19. Bxf8 Kxf8 20. Reb1 Reb8 21. Rb3 Rb6 22. Rab1 Rab8 23. Ke2 Ke7 24. Kd3 Kd6 25. c4 Rxb3+ 26. axb3 dxc4+ 27. Kxc4 a5 28. Ra1 Rb4+ 29. Kc3 Rb5 30. Ra4 g5 31. g4 c5 32. h3 h6 33. f3 f6 34. Rc4 Kd5 35. Ra4 1/2-1/2

[Event "The World Rapid Team Championship"]
[Site "Duesseldorf GER"]
[Date "2023.08.26"]
[Round "3.2"]
[White "D Gukesh"]
[Black "Arjun Erigaisi"]
[Result "1/2-1/2"]
[EventDate "2023.08.26"]
[WhiteElo "2751"]
[BlackElo "2704"]
[PlyCount "84"]

1. d4 Nf6 2. c4 e6 3. g3 d5 4. Bg2 dxc4 5. Nf3 Nbd7 6. O-O c6 7. a4 a5 8. Bg5 Be7 9. Na3 Nb6 10. Qc2 h6 11. Bxf6 Bxf6 12. Nxc4 O-O 13. e3 Nd5 14. Nfe5 Qc7 15. Rac1 b6 16. Qb3 Ba6 17. Rfd1 Rab8 18. Nd3 c5 19. e4 Nb4 20. Nxb4 axb4 21. e5 Be7 22. Nd6 Rfd8 23. Nb5 Bxb5 24. axb5 Rbc8 25. Qa2 Qb8 26. d5 Qxe5 27. Re1 Qf6 28. Qc4 exd5 29. Bxd5 Bd6 30. b3 Re8 31. Kg2 Re5 32. Rcd1 Rc7 33. Rxe5 Bxe5 34. Rd3 g6 35. Rf3 Qg7 36. Qg4 Kh7 37. Qc4 f5 38. Re3 Re7 39. Qe2 Qf6 40. f4 Bd6 41. Rxe7+ Qxe7 42. Qxe7+ 1/2-1/2